Regresa el ajuste por inflación en el impuesto a las ganancias y se aleja la acción penal por evasión para quienes lo apliquen (Registro nro. 19655)

Detalles MARC
000 -LEADER
fixed length control field 00409 a2200109 4500
001 - CONTROL NUMBER
control field ART_37958
005 - DATE AND TIME OF LATEST TRANSACTION
control field 20260410161751.0
008 - FIXED-LENGTH DATA ELEMENTS--GENERAL INFORMATION
fixed length control field 260409a
100 1# - MAIN ENTRY--PERSONAL NAME
Personal name Sequeira, Marcos A.
245 10 - TITLE STATEMENT
Title Regresa el ajuste por inflación en el impuesto a las ganancias y se aleja la acción penal por evasión para quienes lo apliquen
773 0# - HOST ITEM ENTRY
Title Doctrina tributaria
Related parts - Nº 427 (oct. 2015)
Record control number REV4296

No hay ítems disponibles.